Statistics for Star Wars Decoder

Click here to take the quiz!

General Stats

  • This quiz has been taken 63,470 times
  • The average score is 20 of 27

Answer Stats

LetterHintAnswer% Correct
EThe ______ Strikes BackEmpire
99%
FUse the ____, LukeForce
99%
RC-3PO's BFFR2-D2
97%
HJabba the ____Hutt
95%
DWord that comes before Vader or SidiousDarth
91%
ECute furry creatures from
"Return of the Jedi"
Ewoks
87%
OHe was also known as BenObi-Wan
86%
AMr. SkywalkerAnakin
84%
PThe Emperor's last namePalpatine
84%
TLuke's home planetTatooine
83%
DThese aren't the _____ you're looking forDroids
81%
IVader's theme song:
________ March
Imperial
81%
HIce worldHoth
78%
STwo-person organization
dedicated to the Dark Side
Sith
78%
ATrap-sensing AdmiralAckbar
75%
TImperial fighter ship: ___ FighterTIE
75%
EPlanet with a forest moonEndor
70%
APrincess Leia's home planetAlderaan
68%
H5-dimensional space allowing
faster-than-light travel
Hyperspace
66%
ESpaceport with a cantina: Mos ______Eisley
65%
RX-wing attack force: _____ SquadronRogue
62%
TGrand MoffTarkin
60%
SMost famous "Star Wars" parodySpaceballs
59%
KHan made this run in 12 parsecsKessel
57%
TCreature whose insides kept
Luke warm
Tauntaun
55%
QuoteFear is the path to the dark side
50%
I__________ Light and MagicIndustrial
27%

Score Distribution

Percentile by Number Answered

Percent of People with Each Score

Your Score History

You have not taken this quiz